00701cam a2200205u 450000100060000000300080000600500170001400800410003103500190007204000330009104100080012408200210013210000600015324500880021326000590030130000240036050400190038465000470040365000450045017926BD-RjUL20211209000219.0140219r19601938stk 001 0 eng d a(BD-RjUL)17984 aDLCcCarPdDLCdBD-RjULbeng aeng00a821.09bREA 19601 aReid, Margaret Jane Cornfute,d1886- [from old catalog]14aThe Arthurian legend :bComparison of Treatment in Modern and Medieval Literature / aEdinburgh :bOliver and Boyd,cc1938 [Reprinted 1960] aviii,277p. ;c24cm. aIncludes Index 0aArthurian romancesxHistory and criticism. 0aComparative literaturexThemes, motives.